Optical Fibres & Fibre Optic Communication System (Record no. 8930)

MARC details
000 -LEADER
fixed length control field 00399nam a2200157Ia 4500
008 - FIXED-LENGTH DATA ELEMENTS--GENERAL INFORMATION
fixed length control field 221030s9999 xx 000 0 und d
020 ## - INTERNATIONAL STANDARD BOOK NUMBER
ISBN 8121914590
041 ## - LANGUAGE CODE
Language code of text/sound track or separate title
082 ## - DEWEY DECIMAL CLASSIFICATION NUMBER
Classification number 105.23
100 ## - MAIN ENTRY--AUTHOR NAME
Personal name S. K. Sarkar
245 #0 - TITLE STATEMENT
Title Optical Fibres & Fibre Optic Communication System
Statement of responsibility, etc by S. K. Sarkar
260 ## - PUBLICATION, DISTRIBUTION, ETC. (IMPRINT)
Name of publisher S. Chand & Co.
Place of publication New Delhi
Year of publication 2009
300 ## - PHYSICAL DESCRIPTION
Number of Pages 440
650 ## - SUBJECT ADDED ENTRY--TOPICAL TERM
Topical Term ECE
942 ## - ADDED ENTRY ELEMENTS (KOHA)
Koha item type Books
Holdings
Accession Number Cost, normal purchase price Bill Date Full call number Source of acquisition Price effective from Koha item type Withdrawn / writtenoff status Materials specified (bound volume or other part) Damaged status Not for loan Permanent Location Current Location Shelving location Date acquired Lost/ Missing status department
BE 10519 150.00 94 105.23 Durga Books, Amritsar 10/30/2022 Books   Print     MIET Library, Jammu MIET Library, Jammu BL-Academic Block C, FL-2, CUP-158, SH-4, R-4 03/03/2010   BE